Development and Validation of instructional Material in Grade VII Mathematics at Silangan National high School/ (Record no. 11159)

MARC details
000 -LEADER
fixed length control field 01070nam a22002297i 4500
003 - CONTROL NUMBER IDENTIFIER
control field URS
005 - DATE AND TIME OF LATEST TRANSACTION
control field 20220117094453.0
008 - FIXED-LENGTH DATA ELEMENTS--GENERAL INFORMATION
fixed length control field 200219b ||||| |||| 00| 0 eng d
050 00 - LIBRARY OF CONGRESS CALL NUMBER
Classification number LG 995
Item number G93 2013
100 1# - MAIN ENTRY--PERSONAL NAME
Personal name Gulac, Avelina Diola
245 10 - TITLE STATEMENT
Title Development and Validation of instructional Material in Grade VII Mathematics at Silangan National high School/
Statement of responsibility, etc. Gulac, Avelina Diola
260 ## - PUBLICATION, DISTRIBUTION, ETC.
Date of publication, distribution, etc. 2013
300 ## - PHYSICAL DESCRIPTION
Extent xiv, 82 leaves:
Other physical details illustrations,
Dimensions 28 cm.
336 ## - CONTENT TYPE
Source rdacontent
Content type term text
337 ## - MEDIA TYPE
Source rdamedia
Media type term unmediated
338 ## - CARRIER TYPE
Source rdacarrier
Carrier type term volume
502 ## - DISSERTATION NOTE
Dissertation note Graduate Study Thesis
Degree type Master of Arts in Teaching major in Mathematics
Name of granting institution University Of Rizal System
Year degree granted 2013
520 ## - SUMMARY, ETC.
Summary, etc. The study aimed to develop and validate Instructional Materials in Grade VII Mathematics- Statistics. The Study was Conducted at Silangan National High School, Barangay Silangan, San Mateo Rizal During The School yaer 2012-2013.
650 ## - SUBJECT ADDED ENTRY--TOPICAL TERM
Source of heading or term Instructional materials centers--Evaluation.
650 ## - SUBJECT ADDED ENTRY--TOPICAL TERM
Source of heading or term Instructional materials-Validation, Mathematics
942 ## - ADDED ENTRY ELEMENTS (KOHA)
Source of classification or shelving scheme Library of Congress Classification
Koha item type Theses and dissertations
Holdings
Withdrawn status Source of classification or shelving scheme Damaged status Not for loan Home library Current library Shelving location Date acquired Total Checkouts Full call number Barcode Date last seen Copy number Price effective from Koha item type
  Library of Congress Classification     Rodriguez College Library Rodriguez Graduate Library Reference 02/19/2020   LG 995 G93 2013 URSROD-GST-0007 02/19/2020 C1 02/19/2020 Theses and dissertations
  Library of Congress Classification     Rodriguez College Library Rodriguez Graduate Library Reference 02/19/2020   LG 995 G93 2013 URSROD-GST-0008 02/19/2020 C2 02/19/2020 Theses and dissertations

University of Rizal System
Email us at univlibservices@urs.edu.ph

Visit our Website www.urs.edu.ph/library